Jeewan rekha (Record no. 9781)

MARC details
000 -LEADER
fixed length control field 00564cam a2200217ua 4500
001 - CONTROL NUMBER
control field 10833
005 - DATE AND TIME OF LATEST TRANSACTION
control field 20260515114651.0
008 - FIXED-LENGTH DATA ELEMENTS--GENERAL INFORMATION
fixed length control field 190408n ii |||gr||||Z||||||asm
020 ## - INTERNATIONAL STANDARD BOOK NUMBER
International Standard Book Number 9788192188706
040 ## - CATALOGING SOURCE
Transcribing agency MAIN
041 ## - LANGUAGE CODE
Language code of text/sound track or separate title asm
082 ## - DEWEY DECIMAL CLASSIFICATION NUMBER
Classification number 920
100 ## - MAIN ENTRY--PERSONAL NAME
Personal name Bhabendra Nath Saikia,
Relator term Author.
245 ## - TITLE STATEMENT
Title Jeewan rekha
Statement of responsibility, etc. By Bhabendra Nath Saikia
250 ## - EDITION STATEMENT
Edition statement 1st ed. /
Remainder of edition statement V.2.
260 ## - PUBLICATION, DISTRIBUTION, ETC.
Place of publication, distribution, etc. Guwahati:
Name of publisher, distributor, etc. Jyoti prakashan,
Date of publication, distribution, etc. 2011.
300 ## - PHYSICAL DESCRIPTION
Extent 432p.
653 ## - INDEX TERM--UNCONTROLLED
Uncontrolled term Biography, genealogy & insignia
653 ## - INDEX TERM--UNCONTROLLED
Uncontrolled term Diary of Bhabendranath Saikia
942 ## - ADDED ENTRY ELEMENTS (KOHA)
Koha item type Books
Holdings
Withdrawn status Lost status Damaged status Not for loan Home library Current library Shelving location Date acquired Total checkouts Full call number Barcode Date last seen Date last checked out Copy number Price effective from Koha item type
        Naharkatiya College Library Naharkatiya College Library General stacks 09/19/2020 1 920Assamese biography | SAI 25520 06/21/2022 06/16/2022 1 09/19/2020 Books